| Tag |
First Indicator |
Second Indicator |
Subfields |
| LEADER |
00000pam a2200000 a 4500 |
| 001 |
in00001408038 |
| 005 |
20151020070150.0 |
| 008 |
950518s1996 ctua j bk 001 0 eng |
| 010 |
|
|
|a 95022307
|
| 020 |
|
|
|a 1562946730
|
| 035 |
|
|
|a (OCoLC)32626611
|
| 035 |
|
|
|9 AHP8419AM
|
| 040 |
|
|
|a DLC
|c DLC
|d TXA
|d UtOrBLW
|
| 043 |
|
|
|a n-us---
|
| 049 |
|
|
|a TXAG
|
| 050 |
0 |
0 |
|a ML3556
|b .S59 1996
|
| 082 |
0 |
0 |
|a 782.42162/96073
|2 20
|
| 100 |
1 |
|
|a Silverman, Jerry.
|
| 245 |
1 |
0 |
|a Just listen to this song I'm singing :
|b African-American history through song /
|c Jerry Silverman.
|
| 264 |
|
1 |
|a Brookfield, Conn. :
|b Millbrook Press,
|c [1996]
|
| 264 |
|
4 |
|c ©1996
|
| 300 |
|
|
|a 95 pages :
|b illustrations ;
|c 29 cm.
|
| 336 |
|
|
|a text
|b txt
|2 rdacontent
|
| 337 |
|
|
|a unmediated
|b n
|2 rdamedia
|
| 338 |
|
|
|a volume
|b nc
|2 rdacarrier
|
| 500 |
|
|
|a Includes music for voice and keyboard, with chord symbols.
|
| 504 |
|
|
|a Includes discographies, bibliographical references (page 93), and index.
|
| 520 |
|
|
|a Uses the music and lyrics of thirteen African-American songs as a focal point for relating the history of the African-American experience and for telling American musical history.
|
| 600 |
|
0 |
|a African American
|x Music
|x History and criticism
|x Juvenile literature.
|
| 650 |
|
0 |
|a Music
|z United States
|x History and criticism
|x Juvenile literature.
|
| 650 |
|
0 |
|a Songs, English
|z United States
|x History and criticism
|x Juvenile literature.
|
| 600 |
|
0 |
|a African American
|v Music.
|
| 650 |
|
0 |
|a Music
|z United States.
|
| 650 |
|
0 |
|a Songs, English
|z United States.
|
| 650 |
|
1 |
|a African American
|x Music
|x History and criticism.
|
| 650 |
|
1 |
|a Music
|z United States.
|
| 650 |
|
1 |
|a Songs
|z United States.
|
| 999 |
|
|
|a MARS
|
| 999 |
f |
f |
|s b528d72c-546f-342b-be47-d8bc616de456
|i e9f421a3-5479-3a08-bc66-69cef3a1146c
|t 0
|
| 952 |
f |
f |
|p ric
|a Texas A&M University
|b Rellis Campus
|c Joint Library Facility
|d Remote Storage
|t 0
|e ML3556 .S59 1996
|h Library of Congress classification
|i unmediated -- volume
|m A14822248079
|
| 998 |
f |
f |
|a ML3556 .S59 1996
|t 0
|l Remote Storage
|